Cuisine from coorg (Record no. 152857)
[ view plain ]
| 000 -LEADER | |
|---|---|
| fixed length control field | 00617nam a22001937a 4500 |
| 005 - DATE AND TIME OF LATEST TRANSACTION | |
| control field | 20180620123826.0 |
| 008 - FIXED-LENGTH DATA ELEMENTS--GENERAL INFORMATION | |
| fixed length control field | 180620b xxu||||| |||| 00| 0 eng d |
| 010 ## - LCCN (DPL NO) | |
| LC control number | A-994131 |
| 020 ## - INTERNATIONAL STANDARD BOOK NUMBER | |
| International Standard Book Number | 8120721098 |
| Terms of availability | 0.00 |
| 035 ## - SYSTEM CONTROL NUMBER | |
| System control number | A-994131 |
| 037 ## - SOURCE OF ACQUISITION | |
| Source of stock number/acquisition | BPPD/PUB |
| 082 14 - DEWEY DECIMAL CLASSIFICATION NUMBER | |
| Classification number | 641.595432 |
| 100 ## - MAIN ENTRY--PERSONAL NAME | |
| Personal name | Kuttaiah, Ranee Vijaya |
| 245 1# - TITLE STATEMENT | |
| Title | Cuisine from coorg |
| Statement of responsibility, etc | by Ranee Vijaya Kuttaiah |
| 260 ## - PUBLICATION, DISTRIBUTION, ETC. (IMPRINT) | |
| Place of publication, distribution, etc | New Delhi |
| Name of publisher, distributor, etc | Sterling Publishers (P) Ltd |
| Date of publication, distribution, etc | 2000 |
| 270 ## - ADDRESS | |
| Address | L-10, Green park extension |
| City | New Delhi |
| Postal code | 110 016 |
| 300 ## - PHYSICAL DESCRIPTION | |
| Extent | vi, 90p. : |
| Dimensions | 24cm (Hb) |
| Other physical details | col. photos |
| 942 ## - ADDED ENTRY ELEMENTS (KOHA) | |
| Institution code [OBSOLETE] | dpl |
| Item type | English Books |
| Source of classification or shelving scheme | Dewey Decimal Classification |
| Classification part | 641.595432 |
| Call number suffix | KUT |
| Withdrawn status | Lost status | Source of classification or shelving scheme | Damaged status | Not for loan | Collection code | Home library | Current library | Date acquired | Source of acquisition | Cost, normal purchase price | Total Checkouts | Full call number | Barcode | Date last seen | Cost, replacement price | Koha item type |
|---|---|---|---|---|---|---|---|---|---|---|---|---|---|---|---|---|
| Dewey Decimal Classification | Non-fiction | Shahdara Branch | Shahdara Branch | 20/06/2018 | BPPD/PUB | 0.00 | 641 KUT | A-994131 | 20/06/2018 | 0.00 | English Books |
